000 004600000a22001690004500
041 0 _aSPA
082 0 4 _aG 287.092 U74w
100 1 _aUrcola, Pedro N.
245 1 0 _aLos Wesley : Juan y Carlos Wesley / Pedro N. Urcola, Ernesto J. Bauman
260 _aBuenos Aires, Argentina : La Aurora
300 _a55 Pag
001 8846
942 _cBK
999 _c38959
_d38959
336 _atexto
_btxt
_2rdacontent
337 _2rdamedia
_asin mediación
_bn
338 _2rdacarrier
_avolumen
_bnc